Statistics for Top Ten Countries by Gambling Machines

Click here to take the quiz!

General Stats

  • This quiz has been taken 517 times
  • The average score is 8 of 10

Answer Stats

HintAnswerNumber of Machines% Correct
2United States900, 704
100%
7United Kingdom185, 203
94%
1Japan4, 195, 930
90%
4Germany245, 000
89%
8Canada99, 070
88%
6Australia192, 800
85%
3Italy407, 267
84%
5Spain212, 153
83%
9Argentina97, 555
42%
10Colombia87, 365
31%

Score Distribution

Percentile by Number Answered

Percent of People with Each Score

Your Score History

You have not taken this quiz